000 01073nam a2200313 a 4500
001 000045171
003 DO-SdBPM
005 20250730114836.0
007 ta
008 150206s2014 dr r 000 e spa d
020 _a9789945582086
040 _aDO-SdBPM
_bspa
_cBPMSU
_drda
082 4 _aRD864.44
_bP433e 2014
_222
100 1 _aPerdomo, Miguel Aníbal,
_d1949-
_eautor
245 1 0 _aEnsayos al vapor /
_cMiguel Aníbal Perdomo.
264 _aSanto Domingo :
_bBanco Central de la República Dominicana,
_c2014.
300 _a371 páginas . ;
_c23 cm.
336 _atexto
_btxt
_2rdacontent
337 _asin mediación
_bn
_2rdamedia
338 _avolumen
_bnc
_2rdacarrier
490 0 _aBanco Central de la República Dominicana ;
_aArte y literatura
_v202/69
500 _aIncluye datos biográficos del autor en las solapas.
590 _aInventariado, 2025/VM
650 7 _aEnsayos dominicanos
650 7 _aLiteratura dominicana.
650 7 _aPoesía dominicana
_xHistoria y crítica
910 _aVMateo V. Control de calidad. BPMSU
942 _2ddc
_cBK
999 _c15198
_d15198